000 00416nam a22001457a 4500
008 160224b xxu||||| |||| 00| 0 eng d
082 _aCD11713
100 _aK. C., Manoj Kumar
245 _aImplementation of total quality management
260 _aKathmandu:
_c2011
502 _aDissertation
_bDegree in Management
_cShanker Dev Campus
650 _aManagement
650 _aQuality management
942 _2ddc
_cVM
999 _c77554
_d77542